|
|
|
|
| LEADER |
01094nam a2200253 a 4500 |
| 001 |
14123558 |
| 008 |
120712s2006 miua b s001 0 eng d |
| 010 |
|
|
|a 2005054949
|
| 020 |
|
|
|a 0472031031 (pbk. : acid-free paper)
|
| 020 |
|
|
|a 9780472031030
|
| 040 |
|
|
|a DLC
|c DLC
|d C#P
|d BAKER
|d DLC
|d BD-DhAAL
|
| 082 |
0 |
0 |
|a 428.0071/1
|2 22
|
| 100 |
1 |
|
|a Gebhard, Jerry Greer.
|
| 245 |
1 |
0 |
|a Teaching English as a foreign or second language :
|b a teacher self-development and methodology guide /
|c Jerry G. Gebhard.
|
| 250 |
|
|
|a 2nd ed.
|
| 260 |
|
|
|a Ann Arbor :
|b University of Michigan Press,
|c c2006.
|
| 300 |
|
|
|a xii, 268 p. :
|b ill. ;
|c 23 cm.
|
| 504 |
|
|
|a Includes bibliographical references (p. 249-264) and index.
|
| 541 |
|
|
|a 00025572
|
| 650 |
|
0 |
|a English language
|x Study and teaching
|x Foreign speakers.
|
| 650 |
|
0 |
|a English teachers
|x Training of.
|
| 852 |
1 |
|
|a Ayesha Abed Library
|j General shelf
|
| 999 |
|
|
|c 12562
|d 12562
|
| 952 |
|
|
|0 0
|1 0
|4 0
|6 428_007110000000000_GEB
|7 0
|9 20728
|a BRACUL
|b BRACUL
|c GEN
|d 2012-07-12
|e Amazon.com
|g 22.63
|l 2
|m 6
|o 428.00711 GEB
|p 3010025572
|r 2026-01-17
|s 2026-01-06
|t 1
|w 2012-07-16
|y BK
|